| 000 | 02035nam 22002413 4500 | ||
|---|---|---|---|
| 001 | 199922 | ||
| 021 | _aPT | ||
| 090 | _a199922 | ||
| 100 | _a20260114d u||y0pory50 ba | ||
| 101 | _apor | ||
| 102 | _aPT | ||
| 200 |
_aSuper-Heróis da História de Portugal _fAntónio Gomes de Almeida _gIlustração de Artur Correia ; Coordenação de João Pombeiro |
||
| 210 |
_a[Lisboa] _cCorreio da Manhã _d2016 |
||
| 215 |
_a13 vol. : todo il. _cBrochado _d30 cm |
||
| 225 | _aSuper-Heróis da História de Portugal | ||
| 327 | _aVol. 1 - Vasco da Gama / Fernão Vasques ; ISBN 978-989-99560-0-1 ; DL n.º 405970/16 Vol. 2 - Aristides de Sousa Mendes / Dona Antónia ; ISBN 978-989-99560-1-8 ; DL n.º 405971/16 Vol. 3 - Salgueiro Maia / Henrique de Menezes ; ISBN 978-989-99560-2-5 ; DL n.º 405972/16 Vol. 4 - Maria da Fonte / Geraldo Geraldes ; ISBN 978-989-99560-3-2 ; DL n.º 405973/16 Vol. 6 - Soldado Milhões / Gonçalo Mendes da Maia ; ISBN 978-989-99560-5-6 ; DL n.º 405975/16 Vol. 7 - Fernão Mendes Pinto / Paio Peres Correia ; ISBN 978-989-99560-6-3 ; DL n.º 405976/16 Vol. 8 - Martim Moniz / Pêro da Covilhã ; ISBN 978-989-99560-7-0 ; DL n.º 405977/16 Vol. 9 - Viriato / Leonor da Fonseca Pimentel ; ISBN 978-989-99560-8-7 ; DL n.º 405978/16 Vol. 10 - Afonso IV / Salvador Correia de Sá ; ISBN 978-989-99560-9-4 ; DL n.º 405979/16 Vol. 11 - Pedro Nunes / Caramaru ; ISBN 978-989-99597-0-5 ; DL n.º 405980/16 Vol. 12 - Zé do Telhado / Carvalho Araújo ; ISBN 978-989-99597-1-2 ; DL n.º 405981/16 Vol. 13 - O Magriço / Condessa Mumadona ; ISBN 978-989-99597-2-9 ; DL n.º 405982/16 Vol. 14 - Marquês de Marialva / Inês Negra ; ISBN 978-989-99597-3-6 ; DL n.º 405983/16 | ||
| 606 |
_915749 _aBanda Desenhada _xHistória de Portugal para crianças |
||
| 675 |
_a741.5:94(469)A/Z".../19"(0.053.2)(05)/ALM/SUP _vPT _zpor |
||
| 700 |
_915750 _aAlmeida _bAntónio Gomes de |
||
| 701 |
_95474 _aCorreia _bArtur ( ilustrador ) |
||
| 801 |
_aPT _bBMMN _gRPC |
||
| 830 |
_cCarlos Pinto _d14-01-2026 _fCarlos Pinto |
||
| 990 | _cLIVROS | ||